Statistics for London City Airport Destinations

Click here to take the quiz!

General Stats

  • This quiz has been taken 23 times
  • The average score is 20 of 35

Answer Stats

HintAnswer% Correct
British Airways, KLMAmsterdam
100%
British AirwaysDublin
100%
British AirwaysEdinburgh
100%
British AirwaysBelfast
95%
British Airways, Air Dolomiti, LufthansaFrankfurt
95%
British Airways, SWISS International AirlinesGeneva
95%
British AirwaysGlasgow
95%
LuxairLuxembourg
95%
British Airways, SWISS International AirlinesZurich
95%
LoganairIsle of Man
90%
British AirwaysBarcelona
85%
British AirwaysBerlin
80%
British AirwaysNice
75%
British AirwaysMalaga
70%
LuxairAntwerp
65%
AurignyGuernsey
60%
British AirwaysRotterdam
60%
British AirwaysDusseldorf
55%
British AirwaysFlorence
55%
British AirwaysPalma de Mallorca
50%
British AirwaysPrague
45%
British AirwaysIbiza
40%
British Airways, ITA AirwaysMilan-Linate
40%
British AirwaysSalzburg
40%
British AirwaysFaro
35%
ITA AirwaysRome-Fiumicino
30%
British AirwaysSan Sebastian
30%
LOT Polish AirlinesVilnius
30%
British AirwaysBillund
25%
British AirwaysChambery
20%
British AirwaysBergerac
15%
British AirwaysSplit
15%
British AirwaysMykonos
10%
British AirwaysSkiathos
5%
British AirwaysThessaloniki
5%

Score Distribution

Percentile by Number Answered

Percent of People with Each Score

Your Score History

You have not taken this quiz